000 00797cab a2200241 4500
001 X95864
008 090401t1998 xxu||||| |||| 00| 0 eng d
035 _a(Sirsi) u90493
041 _aeng
245 _aTrustees of the Nell Gwynn House Maintenance Fund v CCE
260 _c1998
350 _a0
490 _aNew Property Cases
_v[1998] NPC 163
520 _aHL 16 December 1998. Liability to VAT on the supply of services for the maintenance of a block of flats. Headnote from journal - NO PHOTOCOPYING ALLOWED.
650 _aCONTRACTS OF EMPLOYMENT
650 _aLIABILITY
650 _aMAINTENANCE CONTRACTS
650 _aTRUSTEES OF THE NELL GWYNN HOUSE MAINTENANCE FUND V CCE
650 _aVALUE ADDED TAX
690 _aTAXATION-CASE LAW
942 _n0
948 _c04/01/1999
999 _c57380
_d57380